000 00525nam a2200181Ia 4500
008 090124s9999 xx 000 0 und d
082 _b17831
100 _aभारद्वाज मंदाकिनी
245 _a सखी
250 _a1
260 _bमीनल प्रकाशन
_c1982
300 _a147
600 _aभारद्वाज मंदाकिनी
630 _a सखी
700 _aभारद्वाज मंदाकिनी
730 _a सखी
942 _cBOOK
999 _c89200
_d89200